Central Library OPAC University of Rajshahi

Rural credit in Ullahpara / (Record no. 62584)

MARC details
000 -LEADER
fixed length control field 00656nam a2200217 a 4500
001 - CONTROL NUMBER
control field 62584
003 - CONTROL NUMBER IDENTIFIER
rucl marc code BD-RjUL
005 - DATE AND TIME OF LATEST TRANSACTION
control field 20211209081112.0
008 - FIXED-LENGTH DATA ELEMENTS--GENERAL INFORMATION
fixed length control field 170124s1985 bg ||||| b||| 00| 0 eng d
035 ## - SYSTEM CONTROL NUMBER
System control number (BD-RjUL)62710
040 ## - CATALOGING SOURCE
Original cataloging agency BD-RjUL
Language of cataloging eng
Transcribing agency BD-RjUL
041 ## - LANGUAGE CODE
Language code of text/sound track or separate title eng
082 ## - DEWEY DECIMAL CLASSIFICATION NUMBER
Edition number 23
Classification number 332.710954924
Author mark and year HAR 1985
100 1# - MAIN ENTRY--PERSONAL NAME
Personal name Haq, M. Fazlul
9 (RLIN) 186062
245 10 - TITLE STATEMENT
Title Rural credit in Ullahpara /
Statement of responsibility, etc. M. Fazlul Haq
260 ## - PUBLICATION, DISTRIBUTION, ETC. (IMPRINT)
Place of publication, distribution, etc. Bogra, Bangladesh :
Name of publisher, distributor, etc. Rural Development Academy,
Date of publication, distribution, etc. 1985
300 ## - PHYSICAL DESCRIPTION
Pagination 43 p. :
Illustrations ill. ;
Size 21 cm.
504 ## - BIBLIOGRAPHY, ETC. NOTE
Bibliography, etc Includes bibliographical references.
650 ## - SUBJECT ADDED ENTRY--TOPICAL TERM
Topical term or geographic name as entry element Rural credit
Geographic subdivision Ullahpara (Bangladesh)
9 (RLIN) 186063
942 ## - ADDED ENTRY ELEMENTS (KOHA)
Source of classification or shelving scheme Dewey Decimal Classification
Koha item type Books
Holdings
Lost status Source of classification or shelving scheme Damaged status Not for loan Collection code Permanent Location Current Location Shelving location Date acquired Source of acquisition Cost, normal purchase price Total Checkouts Full call number Date last seen Copy number Koha item type
  Dewey Decimal Classification   Not For Loan Non-fiction Central Library, University of Rajshahi Central Library, University of Rajshahi Reading Room 18/11/2008 R.U.L, Rajshahi 25.00   332.710954924 HAR 1985 24/01/2017 C-1 Books